000 00799nam a2200193 a 4500
003 0
005 20250618103703.0
008 021121s19uu xx 00 eng d
050 _aPHS LB 1044.87
_b.L48 2000
100 _aLeviste, John Kevin Meneses.
245 _aA Survey on how the internet is used as an educational tool in Southville International School /
_cJohn Kevin Meneses Leviste.
260 _aLas PiƱas City, Philippines :
_bSouthville International School and Colleges,
_c2000.
300 _aunnumbered pages :
_billustrations ;
_c28 cm.
504 _aIncludes bibliographical references.
650 _aInternet in education
_zPhilippines.
650 _aComputer-assisted instruction
_zPhilippines.
650 _aEducation
_xEffect of technological innovations on.
942 _2lcc
_cPASS
999 _c96330
_d96330